00348nam a22001217a 4500008004100000040005500041080001600096100001800112245003800130260003600168300001000204650001200214230403b |||||||| |||| 00| 0 eng d aNational Science LibrarycNational Science Library a07:5/6 bM5 aLambert, Jill aScientific and technical journals aLondon: bClive Bingley, 61985 a191p. aScience